Normal view
MARC view
- قوانين -- أنظمة --نظام ممارسة المهنة -- الهندسة المعمارية -- نظام ممارسة المهنة -- الهندسة المدنية
Entry Topical Term
001 - CONTROL NUMBER
- control field: 52222
003 - CONTROL NUMBER IDENTIFIER
- control field: JO-AjAnu
005 - DATE AND TIME OF LATEST TRANSACTION
- control field: 20230606082603.0
008 - FIXED-LENGTH DATA ELEMENTS
- fixed length control field: 230606|| aca||aabn | a|a d
040 ## - CATALOGING SOURCE
- Original cataloging agency: JO-AjAnu
- Transcribing agency: JO-AjAnu
150 ## - HEADING--TOPICAL TERM
- Topical term or geographic name entry element: قوانين -- أنظمة --نظام ممارسة المهنة -- الهندسة المعمارية -- نظام ممارسة المهنة -- الهندسة المدنية
670 ## - SOURCE DATA FOUND
- Source citation: Work cat.: (JO-AjAnu)26688: اتحاد المهندسين العرب، لجنة ممارسة المهنة , author 52221, مجموعة أنظمة وقوانين ممارسة المهنة الإتحادية